| 000 | 00796cab a22002295a 4500 | ||
|---|---|---|---|
| 001 | L157435 | ||
| 008 | 121130e20121117xxk 000 0 eng d | ||
| 035 | _a(Sirsi) u157435 | ||
| 041 | 0 | _aeng | |
| 100 | 1 | _aSimmons, Mark | |
| 245 | 0 | 0 |
_aFocus _bIndustrial |
| 260 | _c2012 | ||
| 490 |
_aEstates Gazette _v(1246) 17 November 2012, 75-89(9) |
||
| 520 | _aIncludes the likely impact of air freight on warehouse property markets near airports, developments in the frozen food sector and Coventry & Warwickshire local enterprise partnership decision to sponsor a 247 acre Gateway industrial site. | ||
| 590 | _aKA | ||
| 651 | 4 | _aUnited Kingdom | |
| 690 |
_aCommercial property _96227 |
||
| 700 | 1 | _aMorrison, Adrian | |
| 700 | 1 | _aThame, David | |
| 700 | 1 | _aPio Kivlehan, Noella | |
| 942 | _n0 | ||
| 999 |
_c84379 _d84379 |
||